LEADER 01299nam a2200277 i 4500 001 000000250326 003 CaOOAMICUS 005 20190308093733.0 008 160722s2015 it u000 u lat u 013 $a229231 020 $a978-88-7013-315-8 040 $aSeMil$bita 245 10$aDoctoris subtilis et mariani Ioannis Duns Scoti ordinis fratrum minorum. Indices. 260 $aCivitas Vaticana :$bTypis Vaticanis,$c2015. 300 $a544 p. ;$c32 cm. 700 1 $aDuns Scotus, Ioannes,$c.$0(OLS)http://semarc/name/109102 773 0 $tDoctoris subtilis et mariani Ioannis Duns Scoti ordinis fratrum minorum Opera omnia.$dCivitas Vaticana : Typis Vaticanis, 1950.$g15$w()1317 850 $aSeMil 852 $aSeMil$W1$xVenegono$y1$mSL1.V VII 15/1$j200672$B200672$CSeMilBibl$Z2$F212386 $8I 900 1 $aDuns Scoto, Giovanni. 961 $aSottoscrizione: Frati Editori di Quaracchi 996 $6020$a978-88-7013-315-8$9(OLS)http://semarc/number/260749 996 $6245$aDoctoris subtilis et mariani Ioannis Duns Scoti ordinis fratrum minorum. Indices$9(OLS)http://semarc/title/352556 996 $6260$aCivitas Vaticana :$bTypis Vaticanis$9(OLS)http://semarc/publisher/30225 LEADER 00609nam a2200169 i 4500 001 000000213832 003 CaOOAMICUS 005 20240617103930.0 008 120607n it u000 u ita u 040 $aSeMil$bita 245 10$a3: Tavole :$bdall'anno 1630 all'anno 1962. 300 $atav. 323-684. 773 0 $aIstituto di Studi Romani$tPiante di Roma.$dRoma : [s.n.], 1962.$g3$w()1110 850 $aSeMil 852 $aSeMil$W1$xVenegono$y1$m4Y VIII 17$j249130$B164260$CSeMilBibl$Z2$F175301 $8I 996 $6245$a3: Tavole :$bdall'anno 1630 all'anno 1962$9(OLS)http://semarc/title/308215